000 00831nam a22002777a 4500
003 CHAP
005 20220329134416.0
008 971013s1971 r 00010 d
010 _a20097
011 _a21069
035 _a25158
040 _cCHAP
090 _aFolleto 9753
110 _aCentro Nacional de Productividad, A. C. México. Programa Campesino
_921248
245 _aCurso para dirigentes campesinos
260 _aMéxico, D.F. :
_bEl Centro,
_c1971
300 _aca 43 h.
590 _aBATCH-UPD
_b10
_c20130110
_lUCH01
_h0955
590 _aCONVERSION
_b10
_c20130109
_lUCH01
_h1312
650 1 4 _aCampesinado.
_917993
650 1 4 _aDesarrollo de la comunidad rural.
_931995
650 1 4 _aDesarrollo rural.
_932067
901 _aBK
942 _cFOLL
949 _aFolleto 9753
_bBC
_cFOLL
_d-58038
_eTS1
_i25158
_mD
_si
999 _c20097
_d20097